000 00649nam a2200181Ia 4500
008 100920s9999 xx 000 0 und d
082 _b86050
_a28 व ... थ 90
100 _aमंगळवेढेकर राजा.
245 _aतीन शिलेदार.
260 _bइंद्रायणी साहित्य प्रकाशन पुणे 30.
_c1990
300 _a92
_bसाधी
365 _b20
520 _aबा.वि.कादंबरी.
630 _aतीन शिलेदार.
650 _aबा.वि.कादंबरी.
730 _aतीन शिलेदार.
942 _cBOOK
999 _c726560
_d726557